000 00576nam a2200181Ia 4500
003 GCL
008 140319s9999 xx 000 0 ara d
040 _aGCL /
_cGCL
082 0 4 _a891.7
_bد ا
100 1 _aعلى ادهم
245 1 0 _aالابلة (الجزء الثالث) /
_cعلى ادهم
700 1 _aديستويفسكى، فيودور
700 1 _aحسين محمد (مترجم)
490 _aالالف كتاب
_v0
650 0 4 _aالقصص الانجليزية المترجمة
650 0 4 _aالادب الانجليزى المترجم
942 _2ddc
_cBK
999 _c42806
_d42806